Handbook of software reliability engineering (Include CD) / (Record no. 174872)

000 -LEADER
fixed length control field 01560 a2200205 4500
003 - CONTROL NUMBER IDENTIFIER
control field Nust
005 - DATE AND TIME OF LATEST TRANSACTION
control field 20220722095255.0
010 ## - LIBRARY OF CONGRESS CONTROL NUMBER
LC control number 95046468
020 ## - INTERNATIONAL STANDARD BOOK NUMBER
International Standard Book Number 0070394008 (alk. paper)
040 ## - CATALOGING SOURCE
Transcribing agency Nust
082 00 - DEWEY DECIMAL CLASSIFICATION NUMBER
Classification number 005.1,LYU
245 00 - TITLE STATEMENT
Title Handbook of software reliability engineering (Include CD) /
Statement of responsibility, etc. Michael R. Lyu, editor in chief.
260 ## - PUBLICATION, DISTRIBUTION, ETC.
Place of publication, distribution, etc. Los Alamitos, Calif. :
Name of publisher, distributor, etc. IEEE Computer Society Press ;
Place of publication, distribution, etc. New York :
Name of publisher, distributor, etc. McGraw Hill,
Date of publication, distribution, etc. c1996.
300 ## - PHYSICAL DESCRIPTION
Extent xxv, 850 p. :
Other physical details ill. ;
Dimensions 24 cm. +
Accompanying material 1 computer laser optical disc (4 3/4 in.)
505 ## - FORMATTED CONTENTS NOTE
Formatted contents note Part.1 Technical Foundations (Page-1), Introduction (Page-3), Software Reliability and System Reliability (Page-27), Software Reliability Modeling Survey (Page-71), Techniques for Prediction Analysis and Recalibration (Page-119), Profiles (Page-167), Best Current Practices of SRE (Page-219), Software Reliability Measurement Experience (Page-256), Measurement-based analysis of software reliability (Page-303), Orthogonal Defect Classification (Page-359),Trend Analysis (Page-401), Field Data Analysis (Page-439), Software Metrics for Reliability Assessment (Page-493), Software Testing and Reliability (Page-531), Fault-Tolerant Software Reliability Engineering (Page-567), Software System Analysis Using Fault Trees (Page-615), Software Reliability Simulation (Page-661), Neural Networks for Software Reliability Engineering (Page-699).
650 #0 - SUBJECT ADDED ENTRY--TOPICAL TERM
Topical term or geographic name entry element Computer software
General subdivision Reliability
-- Handbooks, manuals, etc.
9 (RLIN) 94498
651 ## - SUBJECT ADDED ENTRY--GEOGRAPHIC NAME
Geographic name (Include CD)
9 (RLIN) 8953
700 1# - ADDED ENTRY--PERSONAL NAME
Personal name Lyu, Michael R.
9 (RLIN) 94499
942 ## - ADDED ENTRY ELEMENTS (KOHA)
Koha item type Reference
Source of classification or shelving scheme
Holdings
Withdrawn status Lost status Source of classification or shelving scheme Damaged status Not for loan Permanent Location Current Location Shelving location Date acquired Full call number Barcode Date last seen Price effective from Koha item type Public note
          Military College of Signals (MCS) Military College of Signals (MCS) Reference 12/12/2016 005.1,LYU MCS27875 12/08/2016 12/12/2016 Book Almirah No.17, Shelf No.5
© 2023 Central Library, National University of Sciences and Technology. All Rights Reserved.